Natakagalu indinavareghe 1985-2000 (Record no. 149691)

MARC details
000 -LEADER
fixed length control field 00719nam a2200229Ia 4500
003 - CONTROL NUMBER IDENTIFIER
control field OSt
005 - DATE AND TIME OF LATEST TRANSACTION
control field 20251218160807.0
008 - FIXED-LENGTH DATA ELEMENTS--GENERAL INFORMATION
fixed length control field 210210b2011 xxu||||| |||| 00| 0 eng d
040 ## - CATALOGING SOURCE
Transcribing agency AL
041 ## - LANGUAGE CODE
Language code of text/sound track or separate title Kannada
082 ## - DEWEY DECIMAL CLASSIFICATION NUMBER
Classification number K894.201 SHIN
100 ## - MAIN ENTRY--PERSONAL NAME
Personal name SHIVAPRAKASH (H S)
Dates associated with a name ಶಿವಪ್ರಕಾಶ್ (ಎಚ್ ಎಸ್)
9 (RLIN) 249483
245 ## - TITLE STATEMENT
Title Natakagalu indinavareghe 1985-2000
Remainder of title ನಾಟಕಗಳು ಇಂದಿನವರೆಗೆ 1985-2000
260 ## - PUBLICATION, DISTRIBUTION, ETC.
Place of publication, distribution, etc. BengaLUru
Name of publisher, distributor, etc. Kannada Pustaka Pradhikara
Date of publication, distribution, etc. 2011
300 ## - PHYSICAL DESCRIPTION
Extent xiv,716
650 ## - SUBJECT ADDED ENTRY--TOPICAL TERM
Topical term or geographic name entry element NATakagaLu
9 (RLIN) 249484
650 ## - SUBJECT ADDED ENTRY--TOPICAL TERM
Topical term or geographic name entry element indinavareghe
9 (RLIN) 249485
650 ## - SUBJECT ADDED ENTRY--TOPICAL TERM
Topical term or geographic name entry element 1985-2000
9 (RLIN) 249486
690 ## - LOCAL SUBJECT ADDED ENTRY--TOPICAL TERM (OCLC, RLIN)
Topical term or geographic name as entry element Kannada Drama
9 (RLIN) 249487
906 ## - LOCAL DATA ELEMENT F, LDF (RLIN)
a 067327
942 ## - ADDED ENTRY ELEMENTS (KOHA)
Source of classification or shelving scheme Dewey Decimal Classification
Koha item type Book
Holdings
Withdrawn status Lost status Source of classification or shelving scheme Damaged status Not for loan Collection code Home library Current library Shelving location Date acquired Source of acquisition Cost, normal purchase price Total Checkouts Full call number Barcode Date last seen Price effective from Koha item type
    Dewey Decimal Classification     Kannada St Aloysius Library St Aloysius Library   02/17/2021 Navasiri Prakashana, Mangalore 400.00   K894.201 SHIN 067327 02/17/2021 02/17/2021 Book